Missouri Valley Logo Quiz - Statistics

General Stats
  • This quiz has been taken 9 times
  • The average score is 9 of 11
Answer Stats
Picture Answer % Correct
Drake
100%
Indiana State
100%
Murray State
100%
Northern Iowa
100%
Illinois State
88%
Southern Illinois
88%
Valparaiso
88%
Belmont
63%
Bradley
63%
Evansville
63%
UIC
63%
No matching quizzes found
Score Distribution
Percent of People with Each Score
Percentile by Number Answered
Your Score History
You have not taken this quiz